Statistics for Provincial-level Divisions of the People's Republic of China

Click here to take the quiz!

General Stats

  • This quiz has been taken 14 times
  • The average score is 28 of 33

Answer Stats

TypeAnswer% Correct
MunicipalityBeijing
100%
ProvinceHainan
100%
Special Administrative RegionHong Kong
100%
MunicipalityShanghai
100%
Autonomous RegionTibet
100%
ProvinceGansu
92%
ProvinceGuangdong
92%
Autonomous RegionInner Mongolia
92%
Special Administrative RegionMacau
92%
ProvinceShaanxi
92%
ProvinceShanxi
92%
MunicipalityTianjin
92%
Autonomous RegionXinjiang
92%
MunicipalityChongqing
83%
ProvinceFujian
83%
Autonomous RegionGuangxi
83%
ProvinceHebei
83%
ProvinceHeilongjiang
83%
ProvinceHubei
83%
ProvinceLiaoning
83%
ProvinceQinghai
83%
ProvinceSichuan
83%
ProvinceYunnan
83%
ProvinceAnhui
75%
ProvinceHenan
75%
ProvinceJiangsu
75%
ProvinceJilin
75%
Autonomous RegionNingxia
75%
ProvinceShandong
75%
ProvinceZhejiang
75%
ProvinceGuizhou
67%
ProvinceHunan
67%
ProvinceJiangxi
67%

Score Distribution

Percentile by Number Answered

Percent of People with Each Score

Your Score History

You have not taken this quiz